000
00352nam a2200157Ia 4500
008
230605s2010 xx 000 0 und d
041
_a
eng
100
_a
Dhavan
245
_a
Food and beverage service(1
260
_b
Frank Brothers & Co.
_c
2010
300
_a
412
365
_b
229
_h
10
500
_a
2002
520
_a
General
650
_a
F. B.
999
_c
419035
_d
419035